00330nam a2200121Ia 4500008004100000041000800041082001200049100001700061245004400078260004500122300003000167365001100197240624s9999 xx 000 0 und d aeng a828 NAD aNADKARNI M V aETHICS FOR OUR TIMES ESSAYS IN GANDHIAN c2011aNew DelhibOxford University Press axv, : 262 : p. : cm. ; 22 cRSb32